Lịch sử kinh tế quốc dân

Na minha lista:
Detalhes bibliográficos
Autor principal: Gs.Pts. Nguyễn Trí Dĩnh
Formato: Livro
Idioma:Vietnamese
Publicado em: Giáo dục 1998
Tags: Adicionar Tag
Sem tags, seja o primeiro a adicionar uma tag!
Thư viện lưu trữ: Mạng thư viện Đại học Đà Nẵng
LEADER 00637nam a2200277 4500
001 000026013
003 1550
005 20150325120000.0
008 150325s vm 000 vie
020 |c 0,0000 
040 |a NOTTS 
100 |a Gs.Pts. Nguyễn Trí Dĩnh 
245 |a Lịch sử kinh tế quốc dân 
260 |b Giáo dục  |c 1998 
300 |a 336tr. ; 
OWN |a LTT 
999 |a From the UDN01 
TYP |a Monograph 
TYP |a Printed language 
980 |a Mạng thư viện Đại học Đà Nẵng